00477nam a2200121Ia 4500008004100000082001600041100002300057245010000080260003800180300001000218500003000228650009700258120629s9999 xx 000 0 und d a658.4 P847v aPorter, Michael E. aVentaja competitiva : creación y sostenimiento de un desempeño superior / Michael E. Porter aMéxico : Grupo Editorial Patria a556 p aBibliografía e índice a1. PLANIFICACION ESTRATEGICA \ 2. ADMINISTRACION DE EMPRESAS \ 3. COMPETITIVIDAD Ì